000 00747nam a22001337a 4500
040 _cRUA
082 _aAGR PRO 2015 B519 Or.1
100 _aPROENG RATH; ប្រឹង រ័ត្ន
245 _aComparison of soybean densities on growth and yield in rainy season condition​ at preykabas district, takeo province; ប្រៀបធៀបដង់ស៊ីតេដំណាំសណ្តែកសៀងទៅលើការលូតលាស់ និងទិន្នផលក្នុងលក្ខខណ្ឌរដូវវស្សានៅស្រុកព្រៃកប្បាស ខេត្តតាកែវ
260 _aPhnom Penh
_bRUA
_c2015
300 _ax; 39p;
_bill;
_c29cm;
856 _u PROENG RATH
942 _cAGR
999 _c10768
_d10768